| 000 | 00588nam a2200217Ia 4500 | ||
|---|---|---|---|
| 005 | 20241129104400.0 | ||
| 008 | 241129s9999||||xx |||||||||||||| ||und|| | ||
| 020 | _a9780231213523 | ||
| 037 | _aTextual | ||
| 040 |
_aRTL _beng _cRTL |
||
| 041 |
_aeng _2eng |
||
| 084 |
_aX R3 _qRTL |
||
| 100 |
_aPhelps Edmund _9726131 |
||
| 245 | 0 |
_aMy journeys in economic theory _cPhelps Edmund |
|
| 260 |
_aNew York _bColumbia University Press _c2023 |
||
| 300 | _axvii,230p. | ||
| 365 |
_aINR _b799 |
||
| 650 | _aEconomic Theory | ||
| 942 |
_cTB _hX R3 |
||
| 999 |
_c1225650 _d1225650 |
||